Gandhi And Anarchy (Record no. 684507)

MARC details
000 -LEADER
fixed length control field 00292nam a2200121Ia 4500
008 - FIXED-LENGTH DATA ELEMENTS--GENERAL INFORMATION
fixed length control field 230627s9999 xx 000 0 und d
041 ## - LANGUAGE CODE
Language code of text/sound track or separate title mar
082 ## - DEWEY DECIMAL CLASSIFICATION NUMBER
Classification number 320.5
Item number NAI
100 ## - MAIN ENTRY--PERSONAL NAME
Personal name Nair C. S
245 ## - TITLE STATEMENT
Title Gandhi And Anarchy
250 ## - EDITION STATEMENT
Edition statement 2ed.
260 ## - PUBLICATION, DISTRIBUTION, ETC.
Place of publication, distribution, etc. New Delhi
Name of publisher, distributor, etc. Mittal Publications
Date of publication, distribution, etc. 1922
Holdings
Withdrawn status Lost status Damaged status Not for loan Collection Home library Current library Shelving location Date acquired Cost, normal purchase price Total Checkouts Full call number Barcode Date last seen Price effective from Koha item type
Withdrawn       NLP LL.B New Law College, Pune New Law College, Pune   31/03/1999 295.00   320.5 NAI NLP-N04473 17/07/2023 17/07/2023 Book